Southville International School and Colleges
Your cart is empty.
  • Cart
  • Lists
    Public lists Eva Luna New books Lux_list list_1
    Your lists Log in to create your own lists
  • Log in to your account
  • Your cookies
  • Search history
Southville International School and Colleges
  • Advanced search
  • Recent comments
  • Most popular
  • Libraries

Log in to your account

Log in with GOOGLE


If you do not have an external account, but do have a local account, you can still log in:

  1. Home
  2. MARC view: Exploring Mathematics IV, advanced algebra and trigonometry :
Normal view MARC view ISBD view

Exploring Mathematics IV, advanced algebra and trigonometry : (Record no. 3236)

[ view plain ]
MARC details
000 -LEADER
fixed length control field 00576nam a22001817a 4500
003 - CONTROL NUMBER IDENTIFIER
control field OSt
005 - DATE AND TIME OF LATEST TRANSACTION
control field 20140310181751.0
008 - FIXED-LENGTH DATA ELEMENTS--GENERAL INFORMATION
fixed length control field 130627t xxu||||| |||| 00| 0 eng d
020 ## - INTERNATIONAL STANDARD BOOK NUMBER
International Standard Book Number 9789712335761
050 ## - LIBRARY OF CONGRESS CALL NUMBER
Classification number QA 152.2
Item number .Or74 2003
082 ## - DEWEY DECIMAL CLASSIFICATION NUMBER
Classification number FIL 512
Item number Or6 2003
100 ## - MAIN ENTRY--PERSONAL NAME
Personal name Oronce, Orlando A.
245 ## - TITLE STATEMENT
Title Exploring Mathematics IV, advanced algebra and trigonometry :
Remainder of title worktext in Mathematics for secondary schools /
Statement of responsibility, etc Orlando A. Oronce.
260 ## - PUBLICATION, DISTRIBUTION, ETC. (IMPRINT)
Place of publication, distribution, etc Manila :
Name of publisher, distributor, etc Rex Bookstore,
Date of publication, distribution, etc c2003.
300 ## - PHYSICAL DESCRIPTION
Extent xi, 583 p. :
Dimensions 26 cm.
942 ## - ADDED ENTRY ELEMENTS (KOHA)
Source of classification or shelving scheme Library of Congress Classification
Koha item type Books
Holdings
Withdrawn status Lost status Source of classification or shelving scheme Damaged status Home library Current library Shelving location Date acquired Total Checkouts Full call number Barcode Date last seen Date checked out Copy number Price effective from Koha item type
    Library of Congress Classification   Luxembourg Library Luxembourg Library Filipiniana Section 06/27/2013 1 QA 152.2 .Or74 2003 5261 04/02/2025 03/26/2025 1 06/27/2013 Books

Exploring Mathematics IV, advanced algebra and trigonometry :

APA

Oronce O. A., . (2003). Exploring Mathematics IV, advanced algebra and trigonometry. Manila: Rex Bookstore.

Chicago

Oronce Orlando A, . 2003. Exploring Mathematics IV, advanced algebra and trigonometry. Manila: Rex Bookstore.

Harvard

Oronce O. A., . (2003). Exploring Mathematics IV, advanced algebra and trigonometry. Manila: Rex Bookstore.

MLA

Oronce Orlando A, . Exploring Mathematics IV, advanced algebra and trigonometry. Manila: Rex Bookstore. 2003.

  • Place hold
  • Print
  • Cite
  • Add to your cart (remove)
  • Save record
    BIBTEX Dublin Core MARCXML MARC (non-Unicode/MARC-8) MARC (Unicode/UTF-8) MARC (Unicode/UTF-8, Standard) MODS (XML) RIS
  • More searches
    Search for this title in:
    Other Libraries (WorldCat) Other Databases (Google Scholar) Online Stores (Bookfinder.com) Open Library (openlibrary.org)

Exporting to Dublin Core...

SOUTHVILLE LIBRARY

Southville International School and Colleges Library

1281 Tropical Ave. Cor. Luxembourg St., BF Homes International, Las Pinas City

Tel. No. 8256374 / 252358 Loc. 117/146

Powered by Koha